<?xml version="1.0" encoding="UTF-8"?><marc:collection xmlns:marc="http://www.loc.gov/MARC21/slim">
  <marc:record>
    <marc:leader>00000nam  2200000za 4500</marc:leader>
    <marc:controlfield tag="001">9.846418</marc:controlfield>
    <marc:controlfield tag="003">CaOODSP</marc:controlfield>
    <marc:controlfield tag="005">20221107153210</marc:controlfield>
    <marc:controlfield tag="007">cr |||||||||||</marc:controlfield>
    <marc:controlfield tag="008">171031s2017    onc     ob   f000 0 fre d</marc:controlfield>
    <marc:datafield tag="040" ind1=" " ind2=" ">
      <marc:subfield code="a">CaOODSP</marc:subfield>
      <marc:subfield code="b">fre</marc:subfield>
    </marc:datafield>
    <marc:datafield tag="043" ind1=" " ind2=" ">
      <marc:subfield code="a">n-cn---</marc:subfield>
    </marc:datafield>
    <marc:datafield tag="086" ind1="1" ind2=" ">
      <marc:subfield code="a">XC66-1/1-421-16F-PDF</marc:subfield>
    </marc:datafield>
    <marc:datafield tag="110" ind1="1" ind2=" ">
      <marc:subfield code="a">Canada. </marc:subfield>
      <marc:subfield code="b">Parlement. </marc:subfield>
      <marc:subfield code="b">Chambre des communes. </marc:subfield>
      <marc:subfield code="b">Comité permanent de la justice et des droits de la personne.</marc:subfield>
    </marc:datafield>
    <marc:datafield tag="245" ind1="1" ind2="0">
      <marc:subfield code="a">Accès en matière de justice. </marc:subfield>
      <marc:subfield code="n">Partie 2, </marc:subfield>
      <marc:subfield code="p">Aide juridique </marc:subfield>
      <marc:subfield code="h">[ressource électronique] / </marc:subfield>
      <marc:subfield code="c">le président, Anthony Housefather.</marc:subfield>
    </marc:datafield>
    <marc:datafield tag="260" ind1=" " ind2=" ">
      <marc:subfield code="a">[Ottawa] : </marc:subfield>
      <marc:subfield code="b">Chambre des communes, Canada, </marc:subfield>
      <marc:subfield code="c">2017.</marc:subfield>
    </marc:datafield>
    <marc:datafield tag="300" ind1=" " ind2=" ">
      <marc:subfield code="a">vii, 47 p.</marc:subfield>
    </marc:datafield>
    <marc:datafield tag="490" ind1="1" ind2=" ">
      <marc:subfield code="a">Rapport du Comité permanent de la justice et des droits de la personne ; </marc:subfield>
      <marc:subfield code="v">16e rapport, 42e législature, 1re session</marc:subfield>
    </marc:datafield>
    <marc:datafield tag="500" ind1=" " ind2=" ">
      <marc:subfield code="a">Publ. aussi en anglais sous le titre : Access to justice. Part 2, Legal aid.</marc:subfield>
    </marc:datafield>
    <marc:datafield tag="500" ind1=" " ind2=" ">
      <marc:subfield code="a">« Octobre 2017. »</marc:subfield>
    </marc:datafield>
    <marc:datafield tag="500" ind1=" " ind2=" ">
      <marc:subfield code="a">Date originale de publication : 2017/10/30. Republié : 2017/11/21, 2017/12/19.</marc:subfield>
    </marc:datafield>
    <marc:datafield tag="504" ind1=" " ind2=" ">
      <marc:subfield code="a">Comprend des références bibliographiques.</marc:subfield>
    </marc:datafield>
    <marc:datafield tag="520" ind1=" " ind2=" ">
      <marc:subfield code="a">« Le 23 février 2016, le Comité permanent de la justice et des droits de la personne de la Chambre des communes (le Comité) a décidé de procéder à une étude sur l’accès à la justice, en plusieurs phases; la première consistant à examiner le Programme de contestation judiciaire. Le rapport de cette première phase a été déposé en septembre 2016. Le Comité a ensuite amorcé la deuxième phase de son étude, consacrée à l'aide juridique. Dans les pages qui suivent, nous expliquerons en quoi consiste le rôle du gouvernement fédéral en ce qui a trait à l'aide juridique et au financement des régimes provinciaux et territoriaux d'aide juridique. Nous traiterons ensuite des mesures qui pourraient permettre d'étendre l'accès à l'aide juridique afin de maximiser l'impact du financement existant. Enfin, nous verrons comment améliorer les données et la recherche en la matière » -- Introd., p. 1, 2.</marc:subfield>
    </marc:datafield>
    <marc:datafield tag="692" ind1="0" ind2="7">
      <marc:subfield code="2">gccst</marc:subfield>
      <marc:subfield code="a">Aide juridique</marc:subfield>
    </marc:datafield>
    <marc:datafield tag="692" ind1="0" ind2="7">
      <marc:subfield code="2">gccst</marc:subfield>
      <marc:subfield code="a">Politique gouvernementale</marc:subfield>
    </marc:datafield>
    <marc:datafield tag="692" ind1="0" ind2="7">
      <marc:subfield code="2">gccst</marc:subfield>
      <marc:subfield code="a">Justice pénale</marc:subfield>
    </marc:datafield>
    <marc:datafield tag="700" ind1="1" ind2=" ">
      <marc:subfield code="a">Housefather, Anthony, </marc:subfield>
      <marc:subfield code="d">1971-</marc:subfield>
    </marc:datafield>
    <marc:datafield tag="775" ind1="0" ind2="8">
      <marc:subfield code="t">Access to justice. </marc:subfield>
      <marc:subfield code="w">(CaOODSP)9.846415</marc:subfield>
    </marc:datafield>
    <marc:datafield tag="830" ind1="#" ind2="0">
      <marc:subfield code="a">Rapport du Comité permanent de la justice et des droits de la personne ;</marc:subfield>
      <marc:subfield code="v">16e rapport, 42e législature, 1re session.</marc:subfield>
      <marc:subfield code="w">(CaOODSP)9.503392</marc:subfield>
    </marc:datafield>
    <marc:datafield tag="856" ind1="4" ind2="0">
      <marc:subfield code="q">PDF</marc:subfield>
      <marc:subfield code="s">1.82 Mo</marc:subfield>
      <marc:subfield code="u">https://publications.gc.ca/collections/collection_2017/parl/xc66-1/XC66-1-1-421-16-fra.pdf</marc:subfield>
    </marc:datafield>
  </marc:record>
</marc:collection>
